000 00276nam a2200109Ia 4500
008 200302s9999 xx 000 0 und d
100 _aArian Mostaedi
245 _aBuilding Conversion & Renovation
260 _bCarles Broto Josep M Minguet
260 _c2008
300 _a239 P.,
999 _c1600
_d1600